Costo de un proyecto de desarrollo urbano posada del sol en la ciudad de León para tres tipos de viviendas

El presente trabajo tiene como finalidades principales, determinar por medio de un Estudio Socio-Económico, el número de viviendas a construir entre personas que tienen ingresos de C

Bibliographic Details
Main Author: López Flores, Mario Armando
Other Authors: Tutor: Vigil Icaza, Pablo
Format: Tesis Section = Libro
Language:Undetermined
Spanish
Published: Managua Universidad Nacional Autónoma de Nicaragua (UNAN) 1980
Subjects:
LEADER 01347nam a2200217Ia 4500
008 240830s9999 xx 000 0 und d
040 |a BIBLIOTECA-RUSB/ Mon 728.1 L864 
041 |a spa 
082 |a Mon 728.1 L864 
100 1 |a López Flores, Mario Armando 
245 1 0 |a Costo de un proyecto de desarrollo urbano posada del sol en la ciudad de León para tres tipos de viviendas 
260 |a Managua  |b Universidad Nacional Autónoma de Nicaragua (UNAN)  |c 1980 
300 |a 272 p. :il. 
502 |a Tesis (Ingeniero Civil) - Universidad Nacional Autónoma de Nicaragua (UNAN), 1980. 
520 3 |a El presente trabajo tiene como finalidades principales, determinar por medio de un Estudio Socio-Económico, el número de viviendas a construir entre personas que tienen ingresos de C  |  3.500.00 a C  |  7.500.00 mensuales, y de esta forma determinar el costo de cada una de las viviendas del proyecto en estudio, y dar una presentación de los métodos más usados en la determinación de los costos, para ayudar con ello al desarrollo futuro de las investigaciones similares en nuestros sistemas, para elaborar un presupuesto y costos de un proyecto de urbanización. 
650 7 |a INGENIERIA CIVIL 
650 7 |b  COSTO DE construcción VIVIENDAS I 
700 1 |a Tutor:  |b Vigil Icaza, Pablo 
942 |c BK  |2 ddc 
991 |a TESIS 
999 |c 21460